Cơ cấu xã hội, phân tầng xã hội trong điều kiện đổi mới ở Việt Nam
Nội dung nêu rỏ những vấn đề lý luận - thực tiễn về cơ cấu xã hội và phân tầng xã hội trong điều kiện đổi mới hiện nay; phân tích thực trang cơ cấu xã hội và phân tầng xã hội trong điều kiện công nghiệp hóa, hiện đại hóa và đô...
Saved in:
| Main Author: | |
|---|---|
| Other Authors: | |
| Format: | Book |
| Language: | Undetermined |
| Published: |
H.
Chính trị Quốc gia - Sự thật
2012
|
| Subjects: | |
| Online Access: | http://lrc.tdmu.edu.vn/opac/search/detail.asp?aID=2&ID=18896 |
| Tags: |
Add Tag
No Tags, Be the first to tag this record!
|
| Institutions: | Trung tâm Học liệu Trường Đại học Thủ Dầu Một |
|---|
| LEADER | 01408nam a2200217Ia 4500 | ||
|---|---|---|---|
| 001 | TDMU_18896 | ||
| 008 | 210410s9999 xx 000 0 und d | ||
| 082 | |a 305.09597 | ||
| 090 | |b L250 | ||
| 100 | |a Lê, Hữu Nghĩa | ||
| 245 | 0 | |a Cơ cấu xã hội, phân tầng xã hội trong điều kiện đổi mới ở Việt Nam | |
| 245 | 0 | |c Lê Hữu Nghĩa, Lê Ngọc Hùng (đồng chủ biên) | |
| 260 | |a H. | ||
| 260 | |b Chính trị Quốc gia - Sự thật | ||
| 260 | |c 2012 | ||
| 300 | |a 338tr. | ||
| 520 | |a Nội dung nêu rỏ những vấn đề lý luận - thực tiễn về cơ cấu xã hội và phân tầng xã hội trong điều kiện đổi mới hiện nay; phân tích thực trang cơ cấu xã hội và phân tầng xã hội trong điều kiện công nghiệp hóa, hiện đại hóa và đô thị hóa, phát triển kinh tế thị trường và hội nhập quốc tế của nước ta. | ||
| 650 | |a Cơ cấu xã hội |x Thời kỳ đổi mới |z Việt Nam; Phân tầng xã hộixThời kỳ đổi mới |z Việt Nam | ||
| 700 | |a Lê, Ngọc Hùng | ||
| 856 | |u http://lrc.tdmu.edu.vn/opac/search/detail.asp?aID=2&ID=18896 | ||
| 980 | |a Trung tâm Học liệu Trường Đại học Thủ Dầu Một | ||